Dítě patří matce /

Main Author: Daniger, Margot
Other Authors: Mohylová, Jiřina
Language: Czech
Published: Praha : Ivo Železný, 1992
Edition: 1. vyd.
Series: Matčino srdce
Knihovnička Večerů pod lampou
Physical Description: 56 s. ; 20 cm
Book
Saved in:
LEADER 01092nam a2200337 a 4500
001 000560494
003 CZ BrMZK
005 20021112115238.0
007 ta
008 010907s1992 xr f 000 1 cze d
015 |a cnb000071936 
020 |a 80-7116-428-3  |q (Brož.) 
035 |a (OCoLC)39576023 
040 |a BOA001  |b cze 
041 1 |a cze  |h ger 
080 |a 82-312.5=850  |2 MRF 
100 1 |a Daniger, Margot  |7 xx0082365  |4 aut 
245 1 0 |a Dítě patří matce /  |c Margot Danigerová ; Z něm. přel. Jiřina Mohylová 
250 |a 1. vyd. 
260 |a Praha :  |b Ivo Železný,  |c 1992 
300 |a 56 s. ;  |c 20 cm 
490 1 |a Matčino srdce ;  |v sv. 24 
490 1 |a Knihovnička Večerů pod lampou ;  |v 161 
500 |a Obálka Karel Kárász 
700 1 |a Mohylová, Jiřina  |7 jx20040721038  |4 trl 
765 0 |t <<Ein >>Kind gehört zu seiner Mutter  |9 Česky 
830 0 |a Matčino srdce 
830 0 |a Knihovnička Večerů pod lampou 
910 |a BOA001  |b 1-0983.684 
990 |a BK 
996 6 |b 2619704839  |c 1-0983.684  |l MZK  |r Sklad / do 1 hodiny  |n 2  |w 000560494  |u 000010  |a 1  |e BOA001  |j MZK50  |s P